000 00648cam a22002531 4500
001 2175884
005 20180209072203.0
008 701012s1968 enka b 000 0 eng
010 _a 68021391
015 _aB68-24587
020 _a0521072611
040 _aDLC
_cDLC
_dDLC
041 _aeng
080 _a651.8
082 0 0 _a651.8 COR
100 1 _a36
101 _aMAT
245 1 0 _aPractical programming,
_cby P. N. Corlett and J. D. Tinsley.
350 _a45/-
410 2 0 _aSchool Mathematics Project.
_tHandbooks
504 _aBibliography: p. 201.
906 _a7
_bcbc
_corignew
_du
_encip
_f19
_gy-gencatlg
942 _2ddc
_cBK
999 _c42256
_d42256